000 00417nab a2200145Ia 4500
003 ES-SlBCS
005 20210601124301.0
008 140529s1972 xxu||||| |||| 00| 0 eng d
041 _aeng
100 1 _aStott, Laurence
_9139107
245 0 0 _aValues and Violence
_c Laurence Stott
650 0 4 _aValores-Violencia
_9139108
773 0 _tEducational Theory
_gvol. 22, nº. 3, 1972, págs. 403-410
_wRev1399
942 _cAR
999 _c512296
_d512296